000 00408nam a2200157Ia 4500
003 GCL
008 140319s9999 xx 000 0 eng d
040 _aGCL /
_cGCL
082 0 4 _a005.4469
_bJ D
100 1 _aJOHNSON, YVONNE
245 1 0 _aDOS 6 SURESTEPS /
_cJOHNSON, YVONNE
260 _a[S.N] :
_bQUE ،
_c1993
300 _a336 PP
650 0 4 _aMS - DOS ( COMPUTER OPERATING SYSTEM )
942 _2ddc
_cBK
999 _c23262
_d23262